| 000 | 004050000a22001690004500 | ||
|---|---|---|---|
| 003 | MACL | ||
| 005 | 20151231122346.0 | ||
| 008 | 151231b xxu||||| |||| 00| 0 eng d | ||
| 040 |
_aMACL _cMACL |
||
| 041 | _aEnglish | ||
| 082 | _a296/BEL | ||
| 100 |
_aBelloc, Hilaire _925514 |
||
| 245 | _aTheJews | ||
| 260 |
_bConstable and Co. _c1922 _aLondon |
||
| 650 |
_aReligion _925515 |
||
| 942 |
_cBK _k296/BEL _2ddc |
||
| 999 |
_c38597 _d38597 |
||